[Shona language publications] (Record no. 15330)
[ view plain ]
| 000 -LEADER | |
|---|---|
| fixed length control field | 00346nam a2200121Ia 4500 |
| 008 - FIXED-LENGTH DATA ELEMENTS--GENERAL INFORMATION | |
| fixed length control field | 191206s9999 xx 000 0 und d |
| 090 ## - | |
| -- | ALCS87669515P |
| 245 #0 - TITLE STATEMENT | |
| Title | [Shona language publications] |
| 260 ## - PUBLICATION, DISTRIBUTION, ETC. | |
| Place of publication, distribution, etc. | s.n.] |
| 260 ## - PUBLICATION, DISTRIBUTION, ETC. | |
| Date of publication, distribution, etc. | c[19--?]-1989 |
| 300 ## - PHYSICAL DESCRIPTION | |
| Extent | 26 v. in 1 box : ill. ; 18-30 cm. |
| Withdrawn status | Lost status | Source of classification or shelving scheme | Damaged status | Not for loan | Home library | Current library | Date acquired | Inventory number | Total Checkouts | Full call number | Barcode | Date last seen | Price effective from | Koha item type |
|---|---|---|---|---|---|---|---|---|---|---|---|---|---|---|
| CUZ Bulawayo Campus | CUZ Bulawayo Campus | 06.12.2019 | CUB00825 | ALCS87669515P | BBK000002 | 03.04.2025 | 06.12.2019 | OS Book |